000 00369 a2200109 4500
001 ART_39675
005 20260410162012.0
008 260409a
245 1 0 _aLa libertad, la ética y las profesiones
100 1 _aEtchegaray, Ricardo M.
773 0 _tPropuestas para la sociedad, el gobierno y la producción
_g- Año 9, Nº 13 (mayo 2006)
_wREV39547
999 _c32303
_d32303